| 000 | 00775nam a22002297a 4500 | ||
|---|---|---|---|
| 999 |
_c6194 _d6194 |
||
| 003 | AR-CdUCM | ||
| 008 | 190313b ||||| |||| 00| 0 spa d | ||
| 040 |
_aMUNICIPALIDAD PROVINCIAL DEL CUSCO _cBIBLIOTECA MUNICIPAL DEL CUSCO |
||
| 082 |
_a869.56 / _bP19 |
||
| 100 |
_aPantoja, Mario, _96566 |
||
| 245 |
_aPiedra sobre piedra : _b poesía cusqueña contemporánea / |
||
| 260 |
_aCusco : _bDannys Graff, _c2000. |
||
| 300 |
_a423 paginas ; _c21 cm. |
||
| 505 | _aTentacion -- Puma -- Romance de la cholita sebastiana -- Camarada Vallejo -- Fantasía ciega ... | ||
| 650 |
_aPoesía Peruana _92266 |
||
| 650 |
_aCusco _9772 |
||
| 650 |
_aSiglo XX _98 |
||
| 710 |
_aCERVESUR _911816 |
||
| 710 |
_aMunicipalidad del Cusco _9876 |
||
| 942 |
_2ddc _cLIBROS |
||
| 945 | _awnts | ||